[Event "Kropotkin"]
[Site "Kropotkin"]
[Date "1995.??.??"]
[Round "1"]
[White "Tseshkovsky, Vitaly"]
[Black "Portisch, Lajos"]
[Result "0-1"]
[WhiteElo "2530"]
[BlackElo "2585"]
[Annotator "Ribli,Z"]
[PlyCount "73"]
[EventDate "1995.04.??"]
[EventType "tourn"]
[EventRounds "7"]
[EventCountry "RUS"]
[EventCategory "14"]
[SourceTitle "CBM 047"]
[Source "ChessBase"]
[SourceDate "1995.08.01"]
[SourceVersion "1"]
[SourceVersionDate "1995.08.01"]
[SourceQuality "1"]

1. e4 {Dolmatov} c5 2. Nc3 Nc6 3. Nf3 e6 4. d4 cxd4 5. Nxd4 a6 6. f4 Qc7 7.
Nxc6 (7. Be2 {Dolmatov} Nxd4 8. Qxd4 Ne7 9. Be3) 7... bxc6 (7... Qxc6 {Dolmatov
} 8. Bd3 b5 9. Qe2 Bb7 10. Bd2 Bc5 11. a3 $10) 8. e5 (8. Bd3 {Dolmatov} d5 $132
) 8... d5 (8... f6 $2 {Dolmatov} 9. Bd3 fxe5 10. Qh5+ g6 11. Qxe5 $16) 9. exd6
Bxd6 {-> B46} 10. Ne4 Be7 (10... Bxf4 {Dolmatov} 11. Bxf4 Qxf4 12. Qd4 e5 13.
Nd6+ Ke7 14. Qc5 $146) 11. Qf3 (11. Bd3 Nh6 {Eine interessante Neuerung.} (
11... Nf6 $5) 12. Ng5 Nf5 13. Qe2 Bb7 14. O-O c5 $13 {Wells,P-Van Mil,J/Wijk
Sonnevanck/1995/CBM46/}) (11. Qg4 $2 {Dolmatov} f5 12. Qxg7 Bb4+ $19) 11... Nf6
12. Bd2 $6 {Das ist offenbar eine nicht besonders glueckliche Neuerung.} (12.
Bd3 Bb7 13. O-O c5 $10 {Shakarov,A-Sideif_Zade,F/USSR/1982/INF33,255/} (13...
c5 {Dolmatov} 14. Nxf6+ Bxf6 15. Be4 Bxe4 16. Qxe4 O-O $10)) 12... Nxe4 13.
Qxe4 Bf6 {Sonst Weiss spielt Bc3.} 14. Bd3 (14. Bc4 {Dolmatov} Bb7 $132) 14...
Bb7 $5 (14... Bxb2 15. Rb1 Bf6 16. O-O $44 {Mit der Drohung /\ Ba5 oder Bb4
oder f5.}) 15. f5 {Weiss will nur spaeter entscheiden, wohin er rochiert.} (15.
O-O-O {Dolmatov} c5 16. Qe2 Bd5 17. Bc4) 15... c5 16. Qe2 Bh4+ $1 {Weiss kann
nicht mehr rochieren.} 17. Kd1 e5 (17... Bd5 {Dolmatov} 18. c4 $16) 18. Kc1 {
Der Anziehende verliert sehr viel Tempo seinen Koenig in Sicherheit zu bringen}
(18. c4 {Dolmatov} O-O 19. Be4 Rad8 20. Kc2 Rd4 $40) (18. c3 $32 {Dolmatov} O-O
19. Be4 Rad8 $6 (19... Rab8 20. Kc2) (19... Qd7 20. Bxb7 Qxb7 21. Kc2 Rad8 22.
Rad1 $14) 20. Kc2 $14) 18... O-O 19. Be4 Rad8 20. Bxb7 (20. Bc3 {Dolmatov} Bg5+
21. Kb1 Bd2 $40) 20... Qxb7 21. Bc3 (21. Qxe5 $4 Bf6 $19) 21... Qc6 22. a3 (22.
Qxe5 $4 Qxg2 23. Rd1 Bg5+ $19) (22. b3 {Dolmatov} c4 23. Kb2 Rc8 $40) 22...
Rfe8 23. Kb1 Bf6 24. Ka2 {Der weisse Koenig endlich in Sicherheit, aber seine
Stellung ist nicht mehr so sicher.} e4 {Schwarz setzt auf seinen Freibauern.}
25. Bxf6 Qxf6 26. g4 e3 $1 {Dieser Bauer sieht sehr gefaehrlich aus.} 27. Rad1
Rd4 28. c3 Rf4 (28... Rde4 $5 29. Rhg1 c4 30. Rg3 Qb6 {Wie die Partie.}) (28...
Rde4 {Dolmatov}) 29. Rhf1 Rfe4 $1 {Natuerlich darf Schwarz seinen aktiven Turm
nicht tauschen.} 30. Rf3 c4 $1 {Portisch spielt ausgezeichnet, Weiss hat ein
grosses Loch auf b3.} 31. Rg3 (31. h3 {Dolmatov} a5 32. Rd5 a4 $17) 31... Qb6
32. g5 Rf4 33. Re1 Rfe4 (33... Rf2 $4 {Dolmatov} 34. Qxf2 $18) 34. Rd1 g6 $1 {
Die letzte Feinheit.} 35. f6 h5 $1 36. gxh6 (36. Re1 $5 {Dolmatov} h4 37. Rg4)
36... Rf4 (36... Qxf6 $19 {Dolmatov}) 37. Re1 $138 (37. Re1 Rf2 (37... Rxf6 {
Dolmatov} 38. Rxe3 Rxe3 39. Qxe3 Qxe3 40. Rxe3 Kh7 41. Re4 Rc6 42. b4 $17) 38.
Qxf2 (38. h7+ $1 Kxh7 39. Qxf2 exf2 40. Rh3+ $18) 38... exf2 39. Rxe8+ Kh7 40.
Rf3 Qb3+ 41. Kb1 Qd1+ 42. Ka2 Qxf3 $19) 0-1

[Event "Politiken Cup 18th"]
[Site "Copenhagen"]
[Date "1996.??.??"]
[Round "10"]
[White "Wolski, Thomas"]
[Black "Taimanov, Mark E"]
[Result "1-0"]
[WhiteElo "2310"]
[BlackElo "2480"]
[Annotator "Ribli,Z"]
[PlyCount "47"]
[EventDate "1996.06.??"]
[EventType "swiss"]
[EventRounds "11"]
[EventCountry "DEN"]
[SourceTitle "CBM 054"]
[Source "ChessBase"]
[SourceDate "1996.10.01"]
[SourceVersion "1"]
[SourceVersionDate "1996.10.01"]
[SourceQuality "1"]

1. e4 {Meulders,R} c5 2. Nf3 e6 3. d4 cxd4 4. Nxd4 Nc6 5. Nc3 a6 6. Be3 Nge7 {
Eine von Taimanov in die Turnierpraxis eingeführte Fortsetzung.} 7. Be2 (7. Nb3
d6 $5 (7... b5 $2 8. a4 $1 b4 9. a5 $1 d6 (9... Nxa5 10. Na4 $1 Nxb3 11. Bb6
Nxa1 12. Qxa1 $18 {Zaderman-Taimanov,M/New York/1992/INF58,(218)/}) 10. Na4 Bb7
11. Nb6 $36 {Kindermann,S-Schaefer,Ma/Muenster/1993/EXP38/}) 8. Be2 b5 9. O-O
Ng6 10. f4 Be7 11. f5 Nge5 12. fxe6 Bxe6 $13 {Kovalev,A-Taimanov,M/Minsk/1995/
EXP46/}) 7... Nxd4 8. Qxd4 b5 9. O-O Nc6 {Das ist eine Hauptidee von 6...Nge7.}
10. Qd2 Be7 11. f4 Bb7 12. Rad1 Rc8 (12... d6 $5) (12... d6 {Meulders,R}) 13.
Kh1 (13. Bf3 Na5 14. Bd4 Nc4 15. Qc1 O-O 16. e5 Qc7 17. Bxb7 Qxb7 18. b3 Na3
19. Rf2 b4 20. Na4 Rc6 21. Bb2 Nb5 $15 {und später Schwarz hat in einer alten
Partie Prandstetter,E-Romanishin,O/Taxco izt/1985/ gewonnen.}) 13... Na5 {
Meulders: Jetzt, weil der Läufer noch auf e2 steht und der Tf1 den Aufmarsch
des f-Bauern unterstützt, ist dies keine gute Idee.} 14. f5 $1 {Ein
aggressiver und nach meiner Meinung guter Versuch.} (14. Bd4 O-O 15. Qe3 Nc4
16. Qg3 f6 17. b3 Nd6 18. Bd3 b4 $132 {Vidarsson,J-Zapata,A/Saint John op-1/
1988/CBM06/}) 14... Nc4 (14... O-O 15. Qxd7 Qxd7 16. Rxd7 Bf6 17. fxe6 (17. Bb6
Bc6 18. fxe6 fxe6 19. Ra7) 17... fxe6 18. Bg4 Rfe8) 15. Bxc4 Rxc4 16. fxe6 fxe6
(16... dxe6 17. Qf2 $18) 17. Bb6 $1 $16 Qc8 18. Qf2 Rf8 19. Qg3 {Der schwarze
Koenig ist in grosser Not.} Qc6 $2 {Meulders: Dies verliert sofort. Der
kritische Zug ist 19...b4, mit tollen Verwicklungen. Eine Variante z.B.} (19...
b4 {Meulders,R} 20. Qxg7 bxc3 21. Qxh7 Bf6 (21... d6 $2 22. Rxf8+ Bxf8 23. Rf1
Be7 24. Rf7 Rc7 25. Bxc7 Qxc7 26. bxc3 $16) 22. Qg6+ Ke7 23. e5 Bxg2+ 24. Kxg2
Qc6+ 25. Rf3 Bxe5 26. Qh7+ Ke8 27. Qg6+ Ke7 28. Qh7+ $10) (19... g6 20. Qh3 h5
21. Qg3 $1) 20. Qxg7 $18 {Und das ist das gleiche Motiv wie im 17.Zug.} d6 (
20... Qxb6 21. Rxf8+ Bxf8 22. Qxd7#) (20... Rxf1+ 21. Rxf1 Qxb6 22. Qg8+ Bf8
23. Qxf8#) 21. Be3 {/\ 22.Lg5+-} Rxc3 22. Bg5 $1 (22. Bg5 $1 {Das ist noch
stärker als das prosaische 22.bxc3.}) 22... Qd7 23. bxc3 Bxe4 24. Bxe7 {
Schwarz gab auf, er hat keine Hoffnung mehr .24...,Rxf1 25.Rxf1 Qxe7 26.Qg8
Kd7 27.Rf7, oder nach 24...Qxe7 am einfachsten ist 25.Rxf8 Qxf8 26.Qxf8 Kxf8
27.Rxd6 und gewinnt. Ribli} 1-0

[Event "Biel SKA"]
[Site "Biel"]
[Date "1996.07.30"]
[Round "8"]
[White "Almasi, Zoltan"]
[Black "Andersson, Ulf"]
[Result "1-0"]
[WhiteElo "2655"]
[BlackElo "2640"]
[Annotator "Ribli,Z"]
[PlyCount "83"]
[EventDate "1996.07.22"]
[EventType "tourn"]
[EventRounds "11"]
[EventCountry "SUI"]
[EventCategory "16"]
[SourceTitle "CBM 055"]
[Source "ChessBase"]
[SourceDate "1996.12.01"]
[SourceVersion "1"]
[SourceVersionDate "1996.12.01"]
[SourceQuality "1"]

1. e4 c5 2. Nf3 e6 3. d4 cxd4 4. Nxd4 Nc6 5. Nc3 a6 6. Be3 (6. Nxc6 bxc6 7. Bd3
) 6... Nf6 7. Bd3 d5 $6 {Ribli. Diese ganze Variante gefaellt mir nicht, auch
wenn selbst der grosse Fischer in der letzten Wettkampfpartie gegen Spassky
1972 so gespielt hat. Die schwarze Stellung ist nicht sehr elastisch nach 7...
d5, und eigentlich ist das eher Franzoesische Verteidigung als Sizilianisch!} (
7... Qc7 $1) 8. exd5 (8. O-O $5 Be7 9. exd5 exd5 10. Re1 O-O 11. Nxc6 bxc6 12.
Na4 Bg4 13. Qd2 Nd7 14. c4 $14 {Ivanchuk,V-Benjamin,J/Munich SKA/1994/}) 8...
exd5 9. Qd2 $5 (9. O-O Bd6 $1 (9... Be7 $6 10. Nxc6 bxc6 11. Bd4 O-O 12. Qf3 {
Ribli. Ich moechte anmerken, dass wir aehnliche Stellungen von der
Schottischen Verteidigung her kennen! 1.e4 e5 2.Nf3 Nc6 3.d4 cd4 4.Nd4 Nf6 5.
Nc3 Bb4 6.Nc6 bc 7.Bd3 d5 8.o-o o-o 9.ed ed 10.Bg5 Be6 11.Qf3.}) 10. Bf5 O-O
11. Bxc8 Rxc8 12. Nxc6 bxc6 13. Bd4 Nd7 $13 {Ivanovic,B-Andersson,U/Bugojno/
1984/}) 9... Be7 (9... Bb4 $6 10. a3 Bd6 11. O-O-O O-O 12. h3 Re8 13. Rhe1 Bf8
14. g4 Bd7 15. f3 Rc8 16. g5 Nh5 17. Nxd5 $16 {Golubev,M-Sokolov,An/Biel op/
1995/EXP48/}) (9... Bd6 10. h3 O-O 11. O-O-O Qc7 12. Kb1 Be5 13. Nce2 Ne4 14.
Bxe4 dxe4 15. Nxc6 Qxc6 16. Bd4 $36 {Stripunsky,A-Brodsky,M/Nikolaev op/1995/})
10. h3 $5 $14 {Ribli.Sehr guter profilaktischer Zug.Schwarz kann nicht Ng4,
oder Bg4 ziehen.} O-O 11. O-O-O Be6 12. g4 Rc8 13. Kb1 Bb4 14. a3 Ba5 (14...
Bxc3 15. Qxc3 Nxd4 16. Qxd4 $16 {Ribli.Weiss kontrolliert das ganze Brett.}) (
14... Nxd4 15. axb4 (15. Bxd4 Bxc3 16. Bxc3 d4 (16... Ne4 17. Bxe4 dxe4 18. Qe3
(18. Qe2 Qb6) 18... Qe7 19. Bb4) 17. Bxd4) 15... Nc6 (15... Nf3 16. Qe2 d4 17.
Qxf3 dxc3 18. Bxh7+) 16. Bc5) 15. g5 (15. Nb3) 15... Ne8 (15... Nd7 16. f4 $16)
(15... Ne4 16. Bxe4 dxe4 17. Nxe6 fxe6 (17... Qxd2 18. Bxd2 fxe6 19. Nxe4 Bxd2
20. Rxd2) 18. Qxd8 Rcxd8 19. Nxe4) 16. Nb3 Nd6 17. Bc5 Re8 18. Qf4 Bc7 (18...
Bxc3 19. Bxd6 Ba5 20. Nc5) 19. Qh4 g6 (19... Bf5 20. Nxd5 Bxd3 21. Rxd3) 20. f4
{Ribli.Mit diesem Zug verstaerkt Weiss seine Stellung, nimmt das Feld e5 ein
und kann spaeter f4-f5 ziehen. Es ist bemerkenswert, dass der junge ungarische
Grossmeister Almasi ueberwiegend ein Positionspieler ist, aber auch sehr gut
kombinieren kann.} Ne7 21. Qf2 Qd7 22. h4 Bg4 23. Rde1 {Ribli.Schwarz hat kein
reales Gegenspiel.} Bf5 24. Bxf5 (24. Rxe7 $2 Rxe7 25. Nxd5 Re6 26. Bxf5 (26.
Nf6+ Rxf6 27. gxf6 Bxd3 28. cxd3 Nf5) 26... Nxf5 27. Nf6+ Rxf6 28. gxf6 Qc6)
24... Ndxf5 25. h5 Bd6 26. Bxd6 Qxd6 27. Qh2 h6 (27... gxh5 28. Qxh5 Qg6 29.
Qd1 (29. Rh2)) 28. hxg6 fxg6 {[#]} 29. Nd4 $1 {Ribli. Die letzte weisse Figur
greift in den Angriff ein.} h5 (29... Nxd4 30. Qxh6 $18) 30. Re6 Qd7 31. Qh3 $1
{Ribli.Toedliche Fesslung fuer Schwarz. Es droht 32.Nf5 Qe6 33.Nh6.} Rc6 (31...
Nxd4 $2 32. Rxg6+ Nxg6 33. Qxd7 $18) 32. Rf6 $18 (32. Nxc6 Qxe6) 32... Rd6 (
32... Rxf6 33. gxf6 Qd6 34. fxe7 Nxd4 35. Qd3) 33. Nxf5 Nxf5 34. Nxd5 $1 {
Ribli.Sehr elegant gespielt!} Rxd5 35. Rxg6+ Kf7 36. Rf6+ Ke7 37. c4 {Ribli.
Schwarz hat keine Hoffnung in dieser Partie.} Rd1+ 38. Rxd1 Qxd1+ 39. Ka2 Nd4
40. Qc3 a5 41. Rb6 a4 42. Qa5 {Ribli. Schwarz gab auf, da sein Koenig nackt
ist und er seine restlichen Bauern verliert.} 1-0

[Event "Petrov Memorial op"]
[Site "St Petersburg"]
[Date "1996.??.??"]
[Round "8"]
[White "Beshukov, Sergei"]
[Black "Alekseev, Vadim"]
[Result "1-0"]
[WhiteElo "2450"]
[BlackElo "2355"]
[Annotator "Ribli,Z"]
[PlyCount "53"]
[EventDate "1996.02.??"]
[EventType "swiss"]
[EventRounds "9"]
[EventCountry "RUS"]
[SourceTitle "CBM 052"]
[Source "ChessBase"]
[SourceDate "1996.06.01"]
[SourceVersion "1"]
[SourceVersionDate "1996.06.01"]
[SourceQuality "1"]

1. e4 c5 2. Nf3 e6 3. d4 cxd4 4. Nxd4 Nc6 5. Nc3 a6 6. Be2 (6. Nxc6 $5) 6...
Nge7 {Diese Variante wird in letzter Zeit selten gespielt.} (6... Qc7 $5) 7.
O-O (7. Be3 $5 Nxd4 8. Qxd4 b5 9. O-O Nc6 10. Qd2 Be7 11. Rad1 Bb7 12. f4 Rc8
13. Kh1 O-O 14. f5 $36 {Harlemov-Terentiev,V/Russia/1995/INF64,185/}) 7... Nxd4
8. Qxd4 Nc6 9. Qd3 Qc7 10. f4 (10. Bg5 Bd6 11. Kh1 Ne5 12. Qd2 f6 13. Bh4 Ng6
14. Bg3 Bxg3 15. hxg3 b5 16. f4 Bb7 17. Bd3 O-O $13 {Lukin,A-Taimanov,M/St.
Petersburg-ch/1995/CBM47/INF64,(185)/}) 10... Nb4 11. Qd1 Bc5+ $6 $146 {
Schwarz konnte mit diesem Zug noch warten.} (11... b5 $5 12. a3 $6 (12. Be3 $5)
12... Nc6 13. Be3 Be7 14. e5 Bb7 $13 {Johanson,L-Taimanov,M/Rilton Cup/1995/
EXP45/}) 12. Kh1 b5 13. a4 $1 {Weiß beginnt die aktiven schwarzen Figuren (Nb4,
Bc5) zurück zu werfen.} bxa4 14. Nxa4 Ba7 (14... Be7 15. c3 Nc6 16. Be3 $14 {
>< b6,a6}) 15. Bd2 $1 Nc6 (15... a5 16. Nc3 $1 {/\ Nb5 >< d6,a5,a7,b4}) 16. Bc3
O-O 17. Bd3 {Weiss kontrolliert das Zentrum und seine Figuren (Bc3,Bd3) sind
gut postiert. Ein Spiel am Königsfluegel ist die logische Konsequenz.} f6 18.
Qh5 Rf7 19. Rf3 $1 Nd4 {Schwarz will die sehr wichtige Diagonale sperren und
damit seine Verteidigungs-Chancen erhöhen.} 20. Rh3 g6 21. Qh6 Bb7 22. Rg3 Rg7
{Nach dieser Antwort geliongt Weiß der entscheidende Durchbuch.} (22... Raf8
23. h4 Rg7 24. h5 g5 25. e5 $1 $40) 23. f5 $1 {[#]} Kf7 (23... g5 24. Qxf6 $18)
24. e5 $3 {[#] Eine kleine, aber hübsche Kombination entscheidet die
positionell gut angelegte Partie.} Qxe5 (24... exf5 25. exf6 Kxf6 26. Qh4+ Ke5
27. Re1+ Kd5 28. Bxd4 Bxd4 29. c4+ Kc6 30. Qxd4 $18) 25. fxg6+ hxg6 26. Bxg6+
Kf8 27. Bb4+ $1 (27. Bb4+ d6 28. Qh8+ Rg8 29. Bxd6+ Qxd6 30. Qxf6#) 1-0

[Event "St Petersburg-ch"]
[Site "St Petersburg"]
[Date "1996.??.??"]
[Round "5"]
[White "Khalifman, Alexander"]
[Black "Taimanov, Mark E"]
[Result "1/2-1/2"]
[WhiteElo "2640"]
[BlackElo "2470"]
[Annotator "Ribli,Z"]
[PlyCount "52"]
[EventDate "1996.04.??"]
[EventType "tourn"]
[EventRounds "13"]
[EventCountry "RUS"]
[EventCategory "11"]
[SourceTitle "CBM 056"]
[Source "ChessBase"]
[SourceDate "1997.02.01"]
[SourceVersion "1"]
[SourceVersionDate "1997.02.01"]
[SourceQuality "1"]

1. e4 c5 2. Nf3 e6 3. d4 cxd4 4. Nxd4 Nc6 5. Nc3 a6 6. Be2 Nge7 {Taimanov's
Lieblingszug.} 7. Be3 Nxd4 8. Qxd4 b5 9. O-O Nc6 10. Qd2 Be7 11. Rad1 (11. f4
$5 Bb7 12. Rad1 Rc8 13. Kh1 Na5 14. f5 $36 {Wolski,T-Taimanov,M/Copenhagen PC/
1996/CBM54/}) 11... O-O 12. Bf4 (12. f4 $5) 12... f6 $1 {[#] Das ist der
Schluesselzug in dieser Variante. Schwarz deckt das Feld e5, um später einen
Platz für seinen Springer zu haben. Der schwarze Aufbau ist auf den ersten
Blick unnatürlich. Aber ein "normaler" Entwicklungszug wie 12...Bb7 verliert
sofort einen Bauern auf d7. Schwarz entwickelt sich langsam. Er kann seine
einzige Schwäche d7 verteidigen..} 13. a4 $146 (13. Nd5 Bc5 $5 14. Nc7 Ra7) (
13. Bd6 Bxd6 14. Qxd6 Ra7 15. Qc5 Rc7 $13 {Hjartarson,J-Taimanov,M/Leningrad/
1984/!}) 13... bxa4 (13... b4 14. Nd5 exd5 15. exd5 Ne5 16. d6 $16) 14. Nxa4
Ne5 $8 {Sonst kommt Weiss mit 15.Bd6.} 15. Be3 Rb8 16. f4 Nf7 17. b3 Qc7 {
Das ist die kritische Stellung. Nach dem Partiezug hat Schwarz keine Probleme.}
18. Qc3 (18. Bd3 Bb7 $13) (18. Bf3 $5) 18... Qxc3 19. Nxc3 Re8 $1 {Auf alle
Fälle deckt Schwarz den Läufer auf e7. Taimanov ist nicht zufällig der
Namensgeber dieser Variante!} 20. Na4 Bb7 21. Rxd7 Bxe4 22. Bc5 Bd8 $1 (22...
Bxc5+ 23. Nxc5 Bxc2 24. Bc4 $36) 23. Rc1 a5 24. Bc4 Bc6 25. Rd3 Bb5 26. Bxb5
Rxb5 $11 (26... Rxb5 27. Bf2 (27. c4 $4 Rxc5 28. Nxc5 Bb6) 27... e5 {mit
beiderseitigen Chancen}) 1/2-1/2

[Event "St Petersburg-ch"]
[Site "St Petersburg"]
[Date "1995.??.??"]
[Round "12"]
[White "Yemelin, Vasily"]
[Black "Taimanov, Mark E"]
[Result "1/2-1/2"]
[WhiteElo "2515"]
[BlackElo "2505"]
[Annotator "Ribli,Z"]
[PlyCount "37"]
[EventDate "1995.04.??"]
[EventType "tourn"]
[EventRounds "12"]
[EventCountry "RUS"]
[EventCategory "9"]
[SourceTitle "CBM 047"]
[Source "ChessBase"]
[SourceDate "1995.08.01"]
[SourceVersion "1"]
[SourceVersionDate "1995.08.01"]
[SourceQuality "1"]

1. e4 c5 2. Nf3 e6 3. d4 cxd4 4. Nxd4 Nc6 5. Nc3 a6 6. Be2 Nge7 7. Bf4 Ng6 8.
Be3 (8. Nxc6 bxc6 9. Bd6 f6 $1 {Sehr wichtige Neuerung.} 10. O-O Bxd6 11. Qxd6
Qe7 $10 {Furhoff,J-Taimanov,M/Rilton Cup/1995/EXP45/}) (8. Bg3 Be7 9. O-O O-O
10. Nb3 d6 11. a4 Na5 $10 {Wolff,P-Van Mil,J/Wijk-B/1992/CBM28/}) 8... Be7 9.
O-O (9. Nb3 $5) 9... O-O 10. Na4 {Das ist eine Neuerung.} Nxd4 11. Bxd4 b5 12.
Nb6 Rb8 13. Nxc8 Qxc8 14. a4 {Weiss hat ein Laeuferpaar und der wird deswegen
die Stellung oeffnen.} Qc6 15. axb5 axb5 16. Re1 Bc5 $1 {Schwarz tauscht den
schwarzfeldrigen Laeufer und dann ist sein Springer nicht schlechter als der
weisse Lauefer.} (16... Qxe4 17. Bxb5 $14) 17. Bxc5 Qxc5 18. c3 (18. Qxd7 Rfd8
19. Qa7 Qxc2 $15) 18... Ne5 19. Qd4 {Kommt wieder 6...Nge7 in Mode? Ribli}
1/2-1/2

[Event "St Petersburg-ch"]
[Site "St Petersburg"]
[Date "1995.??.??"]
[Round "5"]
[White "Orlov, Vassily"]
[Black "Taimanov, Mark E"]
[Result "0-1"]
[WhiteElo "2435"]
[BlackElo "2505"]
[Annotator "Ribli,Z"]
[PlyCount "122"]
[EventDate "1995.04.??"]
[EventType "tourn"]
[EventRounds "12"]
[EventCountry "RUS"]
[EventCategory "9"]
[SourceTitle "CBM 047"]
[Source "ChessBase"]
[SourceDate "1995.08.01"]
[SourceVersion "1"]
[SourceVersionDate "1995.08.01"]
[SourceQuality "1"]

1. e4 c5 2. Nf3 e6 3. d4 cxd4 4. Nxd4 Nc6 5. Nc3 a6 6. Be2 Nge7 $5 {Taimanov's
Idee.} 7. Nb3 (7. O-O Nxd4 8. Qxd4 Nc6 9. Qe3 Qc7 10. Qg5 b5 11. Bf4 d6 $13 {
Kontic,D-Damljanovic,B/Podgorica/1993/CBM36/INF58,(218)/}) 7... b5 8. O-O Ng6
9. f4 Be7 10. Be3 O-O 11. Bd3 $6 {Diese Angriffsidee gefaellt mir nicht.} (11.
Qe1 $5) 11... Nb4 $1 12. Qh5 Nxd3 13. cxd3 f5 $1 14. Nd5 {Hochwahrscheinlich
waehlte der Anziehende diese Variante wegen seine Neuerung.} (14. Nd4 Bc5 15.
exf5 Bxd4 16. Bxd4 Rxf5 17. Qg4 Bb7 $15 {Arnason,J-Romanischin,O/Lone Pine/
1981/INF32/247/}) 14... Bb7 $1 {Jetzt sehen wir dass weisse Neuerung (14.Nd5)
nur ein Schlag ins Wasser.} (14... exd5 15. exf5 Nh8 16. f6 $1 $16) 15. Nxe7+
Nxe7 16. Nc5 Bc6 17. Bd4 Qe8 18. Qg5 Qf7 19. Rf3 $6 {Weiss will seinen
"Angriff" mit diesem Turm verstaerken. Ein kleines Problem gibt nur, dass der
Anziehende keinen Angriff hat.} h6 20. Qg3 Kh7 (20... d6 $4 21. Nxe6 Qxe6 22.
Qxg7#) 21. Rc1 Rg8 {Droht /\ d6.} 22. Qe1 d6 23. Nb3 Rac8 24. Bc3 Ba8 25. Rf2
Qg6 $1 {Droht /\ e4 nehmen und ueberwacht den g2 Punkt.} 26. Re2 Rgf8 {Droht /
\ fe4,Rf4.} 27. Qh4 Rf7 28. Rce1 Rcf8 29. Nd2 fxe4 30. Nxe4 (30. dxe4 $2 Nc6 $1
$17 {Weiss kann beide Drohungen /\ b4 oder Rf4 gleichzeitig nicht parieren.})
30... Nf5 31. Qh3 Kg8 32. Ng3 $6 {Der Riesenspringer auf f5 stoert Weiss sehr,
oder nur zum Tempoverlust fuehrt.} (32. a3 $5) 32... Bd5 33. a3 a5 34. Ne4 (34.
Bxa5 Nd4 35. Rf2 Rxf4 $17) (34. Nxf5 Rxf5 35. Bxa5 Rxf4 $17) 34... b4 $1 35.
axb4 axb4 36. Bxb4 Nd4 37. Rf2 Rxf4 38. Rxf4 Rxf4 39. Bxd6 Rf3 40. Bg3 Rxd3 {
Schwarz gewinnt den Bauern mit Vorteil zurueck. Wir merken, dass alle schwarze
Figuren besser postieren als seine weisse Kollegen.} 41. Nc3 Nf5 42. Nxd5 exd5
{Der Anziehende ist fast im Zugzwang.} 43. b4 Kh7 $1 (43... Nxg3 $2 44. hxg3
Rxg3 45. Qe6+ {Weiss hat sehr gute Remischancen.}) 44. Rf1 Nxg3 45. hxg3 Rxg3
46. Qh2 Rg5 $1 {Schwarz gewinnt noch einen Bauern.} 47. Qh3 Qb6+ 48. Rf2 Qxb4
49. Qd3+ Kg8 50. Re2 Qc5+ 51. Kh2 Rh5+ 52. Kg3 Qd6+ 53. Kg4 Rg5+ 54. Kh3 Qg6
55. Qxg6 Rxg6 {Das Turmendspiel ist hilflos fuer Weiss.} 56. Rd2 Rg5 57. g4 Kf7
58. Kg3 h5 59. Kh4 Kg6 60. gxh5+ Rxh5+ 61. Kg4 Re5 {Ribli} 0-1